| 000 | 01984cam a22003854a 4500 | ||
|---|---|---|---|
| 001 | 6864923 | ||
| 003 | ARRUPE | ||
| 005 | 20140925140007.0 | ||
| 008 | 071106s2008 nyu b 000 0 eng | ||
| 010 | _a 2007045961 | ||
| 020 | _a9781595583352 | ||
| 020 | _a1595583351 | ||
| 024 | _a99821247198 | ||
| 035 | _a(OCoLC)ocn181368778 | ||
| 035 |
_a(OCoLC)181368778 _z(OCoLC)181139959 |
||
| 035 | _a(NNC)6864923 | ||
| 040 |
_aDLC _cDLC _dBAKER _dBTCTA _dYDXCP _dC#P _dOrLoB-B |
||
| 050 | 0 | 0 |
_aBX1396.2 _b.M34 2008 |
| 082 | 0 | 0 |
_a282.09/051 _222 |
| 100 | 1 |
_aMaguire, Daniel C. _911717 |
|
| 245 | 1 | 0 |
_aWhose church? : _ba concise guide to progressive Catholicism / _cDaniel C. Maguire. |
| 260 |
_aNew York : _bThe New Press : _bDistributed by W.W. Norton, _c2008. |
||
| 300 |
_axii, 178 p. ; _c20 cm. |
||
| 490 | 1 | _aWhose religion? | |
| 500 | _aSeries statement from jacket. | ||
| 504 | _aIncludes bibliographical references (p. [163]-178). | ||
| 505 | 0 | 0 |
_g1. _tGood Sex (Even Catholics Can Have It) -- _g2. _tMale and Female Were We Made (With Some Variations on Those Themes) -- _g3. _tThe Perennial Orphans of American Conscience -- _g4. _tWar Is for Dummies (Antidotes in Lost Traditions) -- _g5. _tUpwardly Mobile Poverty: An Unnecessary Metastasis -- _g6. _tEarth Threats, Earth Hopes. |
| 520 | 1 | _a"At last, a road map for progressive Catholics who long to reconcile their political and religious beliefs. In one thoughtful, concise book, leading Catholic thinker Daniel C. Maguire shows how a progressive outlook is at the core of Catholic social teaching and takes a close look at what the Bible actually has to say about the critical issues of cur time: race, war, gender equality, social justice, sexuality, and the environment."--BOOK JACKET. | |
| 610 | 2 | 0 |
_aCatholic Church _xHistory _y21st century. _911718 |
| 650 | 0 |
_aLiberalism. _911719 |
|
| 830 | 0 |
_aWhose religion? _911720 |
|
| 900 | _bTOC | ||
| 942 |
_2lcc _cMONOGRAPH |
||
| 948 | 1 |
_a20080912 _bc _cjeb52 _dMPS |
|
| 999 |
_c120976 _d120976 |
||